| 000 | 01052nam a2200277 a 4500 | ||
|---|---|---|---|
| 999 |
_c5460 _d5460 |
||
| 005 | 20201014172807.0 | ||
| 008 | 061117s2007 ck ad gr 001 spa d | ||
| 020 | _a9789586484732 | ||
| 020 | _a9586484734 | ||
| 040 |
_aCO-BoBLA _cCO-BoBLA _dCO-BoIAVH |
||
| 041 | 0 | _aspa | |
| 044 | _ack | ||
| 082 | 0 | 4 |
_a333.72 _bL36m |
| 100 | 1 | _aLeón Sicard, Tomás Enrique. | |
| 245 | 1 | 0 |
_aMedio ambiente, tecnología y modelos de agricultura en Colombia : _bhombre y arcilla / _cTomás Enrique León Sicard. |
| 260 | 3 |
_aBogotá : _bEcoe Ediciones, _c2007. |
|
| 300 |
_axxiv, 287 páginas : _bIlustraciones, gráficos ; _c24 x 17 cm. |
||
| 504 | _aIncluye referencias bibliográficas: página [277]-287. | ||
| 650 | 1 | 4 |
_aMedio ambiente _z Colombia. |
| 650 | 1 | 4 |
_aDesarrollo agrícola _z Colombia. |
| 650 | 2 | 6 |
_aEcología _z Colombia. |
| 650 | 2 | 6 |
_aEcología agrícola _z Colombia. |
| 650 | 2 | 4 |
_aInnovaciones agrícolas _z Colombia. |
| 710 | 2 | _aInstituto de Estudios Ambientales, IDEA. | |
| 942 |
_2ddc _cLIBRO |
||